[Event "Challenge"]
[Site "http://www.queenalice.com/game.php?id=788171"]
[Date "2010.6.10"]
[Round "-"]
[White "rodriw02"]
[Black "DONANEZ"]
[Result "0-1"]
[WhiteElo "1468"]
[BlackElo "1400"]

1. e4 e5 2. Qh5 Nc6 3. Bc4 g6 4. Qf3 Qf6 5. Qd3 Bc5 6. Nf3 Nh6 7. Qc3 d6 8. d3
Be6 9. Bb5 Bd7 10. Bxh6 O-O-O 11. Bg5 Qe6 12. b4 Bd4 13. Nxd4 Nxd4 14. Bc4 Qg4
15. f3 Qxg5 16. Bd5 Qxg2 17. Qd2 Qxh1+ 18. Kf2 Qxh2+ 19. Ke3 Qxd2+ 20. Nxd2
Nxc2+ 21. Ke2 Nxa1 22. Nc4 Be6 23. Na5 Bxd5 24. exd5 h5 25. Kf2 Nc2 26. a3 Nxa3
27. Kg3 f5 28. f4 exf4+ 29. Kxf4 Rde8 30. Kg5 h4 31. Kxg6 h3 32. Kxf5 h2 33. Kf6
h1=Q 34. Nc4 Qh4+ 35. Kf5 Rhf8+ 36. Kg6 Qg4+ 37. Kh7 Rh8# 0-1

[Event "AUTO-INT-1741"]
[Site "http://www.queenalice.com/game.php?id=796407"]
[Date "2010.6.29"]
[Round "1"]
[White "fomalhaut"]
[Black "DONANEZ"]
[Result "1-0"]
[WhiteElo "1489"]
[BlackElo "1522"]

1. e4 e5 2. Nf3 Nc6 3. c3 Nf6 4. d3 Be7 5. Bg5 d5 6. Be2 dxe4 7. dxe4 Qxd1+ 8.
Bxd1 Bd7 9. O-O Nxe4 10. Bxe7 Nxe7 11. Nxe5 f6 12. Nxd7 Kxd7 13. Bg4+ f5 14.
Rd1+ Nd6 15. Bf3 Rad8 16. Bxb7 Rb8 17. Bf3 Rxb2 18. c4 Rc2 19. Na3 Rc3 20. Nb5
Rxc4 21. Nxa7 Ra4 22. Nb5 Rb8 23. Nc3 Ra3 24. Ne2 Rb2 25. Nd4 Rbxa2 26. Rxa2
Rxa2 27. g4 g6 28. gxf5 Nexf5 29. Bg4 Ra5 30. Nb3 Rb5 31. Nd4 Rd5 32. Bxf5+ 1-0

[Event "AUTO-INT-1741"]
[Site "http://www.queenalice.com/game.php?id=796408"]
[Date "2010.6.29"]
[Round "1"]
[White "DONANEZ"]
[Black "fomalhaut"]
[Result "1-0"]
[WhiteElo "1487"]
[BlackElo "1437"]

1. e4 e5 2. Nf3 d6 3. d4 Bg4 4. Be2 Be7 5. O-O Nf6 6. Nc3 O-O 7. dxe5 dxe5 8.
Nxe5 Bxe2 9. Qxe2 Re8 10. Qc4 Rf8 11. Rd1 Bd6 12. Bg5 Nbd7 13. Nxd7 Qxd7 14. e5
b5 15. Nxb5 a6 16. Nxd6 cxd6 17. exf6 gxf6 18. Bxf6 a5 19. Qf4 h5 20. Qg5+ 1-0

[Event "AUTO-INT-1741"]
[Site "http://www.queenalice.com/game.php?id=796421"]
[Date "2010.6.29"]
[Round "1"]
[White "DONANEZ"]
[Black "estouchegando"]
[Result "1-0"]
[WhiteElo "1509"]
[BlackElo "1354"]

1. e4 e5 2. Nf3 Nc6 3. Bb5 Nf6 4. Nc3 a6 5. Bxc6 dxc6 6. Nxe5 Qd4 7. Nf3 Qc5 8.
d4 Qc4 9. Ne5 Qe6 10. O-O c5 11. Nf3 Nxe4 12. Nxe4 Qxe4 13. Re1 Qxe1+ 14. Qxe1+
Be7 15. dxc5 Bf5 16. Bg5 f6 17. Bf4 Bxc2 18. Qe2 Ba4 19. Re1 O-O-O 20. Qxe7 Rhe8
21. Qxc7# 1-0

[Event "AUTO-INT-1741"]
[Site "http://www.queenalice.com/game.php?id=796422"]
[Date "2010.6.29"]
[Round "1"]
[White "estouchegando"]
[Black "DONANEZ"]
[Result "1-0"]
[WhiteElo "1417"]
[BlackElo "1571"]

1. e4 e5 2. Nf3 Nc6 3. c3 Nf6 4. Bc4 Be7 5. Ng5 O-O 6. Qf3 h6 7. Nh3 d6 8. d3
Bg4 9. Qg3 Qd7 10. f3 Be6 11. Bxh6 Nh5 12. Bxe6 Qxe6 13. Ng5 Qxh6 14. Qg4 Bxg5
15. Qd7 Bh4+ 16. g3 Qc1+ 17. Kf2 Qxh1 18. Qh3 Bxg3+ 19. Qxg3 Nxg3 20. Kxg3 Qg1+
21. Kh3 Qf1+ 22. Kg3 Qg1+ 23. Kh4 Qxh2+ 24. Kg4 Qf4+ 25. Kh3 Qc1 26. a4 Qxb2 27.
Ra3 Qxb1 28. c4 Qb2 29. Kg4 1-0

[Event "AUTO-INT-1741"]
[Site "http://www.queenalice.com/game.php?id=796423"]
[Date "2010.6.29"]
[Round "1"]
[White "DONANEZ"]
[Black "Hagi"]
[Result "0-1"]
[WhiteElo "1505"]
[BlackElo "1720"]

1. e4 e5 2. Nf3 f5 3. Nxe5 fxe4 4. Qh5+ g6 5. Nxg6 Nf6 6. Qe5+ Be7 7. Nxh8 d6 8.
Qb5+ c6 9. Qg5 d5 10. Be2 Na6 11. Bh5+ Nxh5 12. Qxh5+ Kd7 13. Qxh7 Kc7 14. Ng6
Bf5 15. Qxe7+ Kc8 16. Nc3 Bxg6 17. Qe6+ Kb8 18. Qxg6 Nb4 19. O-O Nxc2 20. Rb1
Nd4 21. d3 b5 22. Bf4+ Kb7 23. Qg7+ Ka6 24. Qxd4 Qa5 25. dxe4 b4 26. Qd3+ Kb7
27. exd5 cxd5 28. Qb5+ Qxb5 29. Nxb5 Kb6 30. Nc7 Rd8 31. Rbd1 d4 32. Ne6 Rc8 33.
Rxd4 a5 34. Rd6+ Kb5 35. Nd4+ Ka4 36. Ra1 Rf8 37. b3+ Ka3 0-1

[Event "AUTO-INT-1741"]
[Site "http://www.queenalice.com/game.php?id=796424"]
[Date "2010.6.29"]
[Round "1"]
[White "Hagi"]
[Black "DONANEZ"]
[Result "0-1"]
[WhiteElo "1598"]
[BlackElo "1451"]

1. e4 e5 2. Nf3 Nc6 3. Bb5 f5 4. Nc3 fxe4 5. Nxe4 Nf6 6. d3 d5 7. Ned2 Bd6 8.
O-O O-O 9. Re1 Nd4 10. Nxd4 exd4 11. h3 Nd7 12. Nf3 c6 13. Ba4 Qf6 14. c3 dxc3
15. bxc3 Ne5 16. Bg5 Nxf3+ 17. gxf3 Qxg5+ 18. Kf1 Bxh3+ 19. Ke2 Rae8# 0-1

[Event "AUTO-INT-1751"]
[Site "http://www.queenalice.com/game.php?id=800435"]
[Date "2010.7.8"]
[Round "1"]
[White "Vermelho"]
[Black "DONANEZ"]
[Result "0-1"]
[WhiteElo "1654"]
[BlackElo "1575"]

1. e4 e5 2. Nf3 Nc6 3. Bb5 Nf6 4. O-O Bc5 5. Nc3 O-O 6. Bxc6 dxc6 7. d3 Re8 8.
b3 Bb4 9. Bd2 Qe7 10. d4 exd4 11. Nxd4 Rd8 12. Nf5 Bxf5 13. exf5 Bxc3 14. Re1
Qc5 15. Rb1 Rxd2 16. Qf3 Rxf2 17. Qxf2 Bd4 18. Re2 Bxf2+ 19. Rxf2 Ne4 20. b4
Qxf2+ 21. Kh1 Qxf5 22. Re1 Nf2+ 23. Kg1 Qxc2 24. a3 Ng4 25. Rf1 Rd8 26. h3 Ne3
27. Re1 Qxg2# 0-1

[Event "AUTO-INT-1751"]
[Site "http://www.queenalice.com/game.php?id=800436"]
[Date "2010.7.8"]
[Round "1"]
[White "DONANEZ"]
[Black "Vermelho"]
[Result "1-0"]
[WhiteElo "1548"]
[BlackElo "1662"]

1. e4 Nc6 2. Nf3 e5 3. Bb5 Nf6 4. O-O Nxe4 5. Re1 d5 6. d3 Nf6 7. Nxe5 Bd7 8.
Nxc6+ Be7 9. Nxd8 Rxd8 10. Bxd7+ Rxd7 11. Bg5 h6 12. Bxf6 gxf6 13. Qg4 Kd8 14.
Qg7 Rf8 15. Nc3 c5 16. Nb5 a6 17. Nc3 d4 18. Na4 h5 19. Nb6 Rd6 20. Nc4 Rd5 21.
Re4 Rg5 22. Qh6 f5 23. Qb6+ Kc8 24. Rxe7 Kb8 25. Qxb7# 1-0

[Event "AUTO-INT-1751"]
[Site "http://www.queenalice.com/game.php?id=800451"]
[Date "2010.7.8"]
[Round "1"]
[White "DONANEZ"]
[Black "Buckeyechess101"]
[Result "0-1"]
[WhiteElo "1498"]
[BlackElo "1517"]

1. e4 e5 2. Nf3 Nf6 3. Nxe5 Qe7 4. Nf3 Qc5 5. Nc3 Ng4 6. d4 Qb6 7. Nd5 Bb4+ 8.
c3 Bxc3+ 9. bxc3 Qa5 10. Nd2 d6 11. Nb3 Nxf2 12. Kxf2 Qa4 13. Nxc7+ Kd7 14. Bb5+
Qxb5 15. Nxb5 Nc6 16. Qg4+ Kd8 17. Qh4+ Ne7 18. Nxd6 Be6 19. Nxb7+ Kd7 20. N3c5+
Ke8 21. Nd6+ Kf8 22. Nxe6+ fxe6 23. Qf4+ Nf5 24. exf5 exf5 25. Qxf5+ Ke7 0-1

[Event "AUTO-INT-1751"]
[Site "http://www.queenalice.com/game.php?id=800452"]
[Date "2010.7.8"]
[Round "1"]
[White "Buckeyechess101"]
[Black "DONANEZ"]
[Result "1-0"]
[WhiteElo "1532"]
[BlackElo "1483"]

1. e4 e5 2. Nf3 Nc6 3. d3 Nf6 4. g3 Bb4+ 5. Bd2 O-O 6. Bg2 Bxd2+ 7. Nbxd2 d6 8.
O-O Be6 9. c3 Qe7 10. Re1 Bg4 11. Nb3 Rfe8 12. Qd2 Rad8 13. h3 Bd7 14. Rad1 h6
15. Nh2 Be6 16. f4 exf4 17. gxf4 Qd7 18. Nc1 Bxh3 19. d4 Bg4 20. Ne2 Nxe4 21.
Bxe4 Rxe4 22. Kf2 Qf5 23. Nxg4 Qxg4 24. Ng3 Rxf4+ 25. Kg2 1-0

[Event "AUTO-INT-1751"]
[Site "http://www.queenalice.com/game.php?id=800453"]
[Date "2010.7.8"]
[Round "1"]
[White "DONANEZ"]
[Black "Givanildo"]
[Result "0-1"]
[WhiteElo "1403"]
[BlackElo "1563"]

1. e4 e5 2. Nf3 Qf6 3. Nc3 c6 4. d4 Bb4 5. Bd2 exd4 6. Bg5 Qe6 7. Qxd4 Bxc3+ 8.
bxc3 f6 9. Bc4 Qe7 10. Bf4 d5 0-1

[Event "AUTO-INT-1751"]
[Site "http://www.queenalice.com/game.php?id=800454"]
[Date "2010.7.8"]
[Round "1"]
[White "Givanildo"]
[Black "DONANEZ"]
[Result "0-1"]
[WhiteElo "1564"]
[BlackElo "1524"]

1. e4 e5 2. Bc4 Nf6 3. Qf3 Nc6 4. c3 Bc5 5. d3 d6 6. b4 Bb6 7. Bb5 Bd7 8. Bg5 a5
9. Bc4 Bg4 10. Qg3 axb4 11. Bxf6 Qxf6 12. f3 Be6 13. Bxe6 Qxe6 14. Qxg7 Kd7 15.
c4 Rag8 16. Qg3 Rxg3 17. hxg3 Bxg1 18. Rxg1 Nd4 19. Kd1 Qh6 20. Re1 Qh2 21. Nd2
Qxg2 22. a4 Nxf3 23. Nxf3 Qxf3+ 24. Kc2 Qf2+ 25. Kb3 Qxg3 26. Red1 c5 27. a5 Ra8
28. Rf1 Qxd3+ 29. Ka4 Ke6 30. Kb5 Qxe4 31. Rae1 Qc6# 0-1